| 000 | 00379nam a2200145 a 4500 | ||
|---|---|---|---|
| 005 | 20140414093848.0 | ||
| 008 | 110526s19uu xx 00 eng d | ||
| 050 |
_aDVD 909 _bBLA 2005 |
||
| 100 | _aHartnett, Josh | ||
| 245 |
_aBlack hawk down / _cJosh Hartnett. |
||
| 260 |
_aUSA : _bColumbia Pictures, _c2005. |
||
| 650 |
_aHistory _xSomalia |
||
| 942 | _cAVM | ||
| 999 |
_c109748 _d109748 |
||